Precyzyjne i szybkie klikanie - nagła śmierć - Statystyki

Ogólne statystyki
  • Ten quiz został rozwiązany 7 594 razy
  • Średni wynik to 49 z 72
Answers on the Grid
Answers color-coded by a green-red scale on the quiz's grid according to % correct below.
O
O
O
O
O
O
O
O
O
O
O
O
O
O
O
O
O
O
O
O
O
O
O
O
O
O
O
O
O
O
O
O
O
O
O
O
O
O
O
O
O
O
O
O
O
O
O
O
O
O
O
O
O
O
O
O
O
O
O
O
O
O
O
O
O
O
O
O
O
O
O
O
X
X
X
X
X
X
X
X
X
X
X
X
X
X
X
X
X
X
X
X
X
X
X
X
X
X
X
X
X
X
X
X
X
X
X
X
X
X
X
X
X
X
X
X
X
X
X
X
X
X
X
X
X
X
X
X
X
X
X
X
X
X
X
X
X
X
X
X
X
X
X
X
 
Statystyki odpowiedzi
Odpowiedź % Poprawnych
O
69%
O
69%
O
69%
O
68%
O
68%
O
68%
O
68%
O
68%
O
68%
O
68%
O
68%
O
68%
O
68%
O
68%
O
68%
O
68%
O
68%
O
68%
O
68%
O
68%
O
68%
O
68%
O
68%
O
68%
O
68%
O
68%
O
68%
O
68%
O
68%
O
68%
O
68%
O
68%
O
68%
O
68%
O
68%
O
68%
O
67%
O
67%
O
67%
O
67%
O
67%
O
67%
O
67%
O
67%
O
67%
O
67%
O
67%
O
67%
O
67%
O
67%
O
67%
O
67%
O
67%
O
67%
O
67%
O
67%
O
67%
O
67%
O
67%
O
67%
O
67%
O
67%
O
67%
O
67%
O
67%
O
67%
O
67%
O
66%
O
66%
O
66%
O
66%
O
66%
Nie znaleziono quizów pasujących do podanych kryteriów
Rozkład punktacji
Procent ludzi z każdym wynikiem
Percentyl według liczby udzielonych odpowiedzi
Twoja historia wyników
Nie rozwiązałeś tego quizu